Statistics for 2023 NASCAR Xfinity Series Lap Leaders

Click here to take the quiz!

General Stats

  • This quiz has been taken 8 times
  • The average score is 19 of 48

Answer Stats

HintAnswer% Correct
586Cole Custer
100%
81AJ Allmendinger
86%
1083John H. Nemechek
86%
14Denny Hamlin
71%
211Josh Berry
71%
643Justin Allgaier
71%
7Kyle Busch
71%
177Sam Mayer
71%
200Ty Gibbs
71%
48Brandon Jones
57%
318Chandler Smith
57%
9Chase Elliott
57%
47Dale Earnhardt Jr.
57%
57Daniel Hemric
57%
100Kyle Larson
57%
148Riley Herbst
57%
133Ryan Truex
57%
334Sammy Smith
57%
4Alex Bowman
43%
17Aric Almirola
43%
14Austin Dillon
43%
346Austin Hill
43%
2Brennan Poole
43%
86Justin Haley
43%
1Kyle Sieg
43%
31Parker Kligerman
43%
41Ryan Sieg
43%
190Sheldon Creed
43%
26Trevor Bayne
43%
2Alex Labbe
29%
5Daniel Suarez
29%
2Jeremy Clements
29%
1William Byron
29%
24Anthony Alfredo
14%
24Brett Moffitt
14%
3Carson Hocevar
14%
2David Starr
14%
12Joe Graf Jr.
14%
1Josh Bilicki
14%
6Kyle Weatherman
14%
1Myatt Snider
14%
1Sage Karam
14%
21Derek Kraus
0%
3Gray Gaulding
0%
18Jeb Burton
0%
9Layne Riggs
0%
12Parker Retzlaff
0%
1Patrick Emerling
0%

Score Distribution

Percentile by Number Answered

Percent of People with Each Score

Your Score History

You have not taken this quiz